000 00519nam a2200169 a 4500
005 20140412111311.0
008 010503s19uu xx 00 eng d
020 _a0-394-88506-6
050 _aTR(PS E
_bGo59 1987
245 _aGood night, little Grover /
_cillustrated by Norman Gorbaty.
260 _aU. S. A :
_bRandom House / Children's Television Workshop,
_c1987.
300 _a1 v. (unp.) ; ill.
440 _aCTW/Sesame Street
650 _aChildren's stories
650 _aBedtime-Stories
999 _c103975
_d103975